Women's British Open - Golf - Statistics

General Stats
  • This quiz has been taken 26 times
    13 since last reset
  • The average score is 6 of 44
Answer Stats
Year Golfer % Correct
2017 In-Kyung Kim
67%
2015 Inbee Park
56%
1986 Laura Davies
56%
2003 Annika Sörenstam
44%
2002 Karrie Webb
44%
1997 Karrie Webb
44%
1995 Karrie Webb
44%
2001 Se Ri Pak
33%
2013 Stacy Lewis
33%
2009 Catriona Matthew
22%
2018 Georgia Hall
22%
1990 Helen Alfredsson
22%
2007 Lorena Ochoa
22%
1987 Alison Nicholas
11%
2016 Ariya Jutanugarn
11%
1985 Betsy King
11%
1994 Liselotte Neumann
11%
2014 Mo Martin
11%
2020 Sophia Popov
11%
2000 Sophie Gustafson
11%
2011 Yani Tseng
11%
2010 Yani Tseng
11%
1979 Alison Sheard
0%
1984 Ayako Okamoto
0%
1988 Corinne Dibnah
0%
1981 Debbie Massey
0%
1980 Debbie Massey
0%
1996 Emilee Klein
0%
2019 Hinako Shibuno
0%
1989 Jane Geddes
0%
1978 Janet Melville
0%
1976 Jenny Lee Smith
0%
2005 Jeong Jang
0%
2012 Jiyai Shin
0%
2008 Jiyai Shin
0%
1993 Karen Lunn
0%
2004 Karen Stupples
0%
1982 Marta Figueras-Dotti
0%
1992 Patty Sheehan
0%
1991 Penny Grice-Whittaker
0%
2006 Sherri Steinhauer
0%
1999 Sherri Steinhauer
0%
1998 Sherri Steinhauer
0%
1977 Vivien Saunders
0%
No matching quizzes found
Score Distribution
Percent of People with Each Score
Percentile by Number Answered
Your Score History
You have not taken this quiz since the last reset